000 01557nam a2200361 i 4500
001 000021779
003 DO-SdBNP
005 20250708092703.0
007 ta
008 100913s1978 dr 001 0 spa d
040 _aDO-SdBNP
_bspa
_cBNPHU
_erda
041 _aspa
082 4 _a616.33
_bS471g
_222
111 2 _aSeminario de Gastroenteritis y Rehidratación Oral
_d(1977 :
_cSanto Domingo)
_945245
245 1 0 _a[Ponencias] del Seminario de Gastroenteritis y Rehidratación Oral /
_ceditores, Hugo R. Mendoza, Mariano Lebrón Saviñón.
264 1 _aSanto Domingo, República Dominicana :
_bSESPAS,
_c1978.
300 _a184 páginas ;
_c19 cm.
336 _atexto
_btxt
_2rdacontent
337 _asin mediación
_bn
_2rdamedia
338 _avolumen
_bnc
_2rdacarrier
590 _aInventariado, 2025/BT
650 4 _aGastroenteritis
_945246
_vCongresos, conferencias, etc.
650 4 _aGastroenterología pediátrica
_945247
_vCongresos, conferencias, etc.
650 4 _aFluidoterapia
_945248
_vCongresos, conferencias, etc.
650 4 _aEnfermedades del sistema gastrointestinal
_945249
_vCongresos, conferencias, etc.
700 1 _aMendoza, Hugo R.,
_eeditor
_4ed.
_96390
700 1 _aLebrón Saviñon, Mariano,
_d1922-2014
_eeditor
_4ed.
_97227
710 2 _aSociedad Española de Salud Pública y Administración Sanitaria
_945250
710 2 _aHospital de niños Robert Reid Cabral (República Dominicana)
_945251
710 1 _aUniversidad Autónoma de Santo Domingo
_972951
910 _aValidado. Control de calidad EMS
942 _2ddc
_cLBS1
999 _c21278
_d21278